000 00429nam a2200181Ia 4500
001 19377
005 20260306172648.0
008 260306t2010||||xx |||||||||||||| ||spa||
041 _aESP
082 _a658.848
_bH71
100 _aHollensen, Svend,
_eAUT
245 0 _aEstrategias de marketing internacional
260 _c2010
300 _a790 páginas :
_c
650 _aGEN
654 _aCAN
942 _cLIB
_dJUS
_fJUS
_2ddc
_n
999 _c19377
_d19377